Municipalities of Ishikawa Prefecture - Statistics

General Stats
  • This quiz has been taken 364 times
  • The average score is 13 of 19
Answers on the Map
Answers color-coded by a green-red scale on the quiz's map according to % correct below.
 
Answer Stats
Answer % Correct
Kanazawa 金沢
100%
Noto 能登
90%
Hakusan 白山
82%
Kaga 加賀
81%
Nanao 七尾
80%
Wajima 輪島
80%
Komatsu 小松
78%
Suzu 珠洲
78%
Hakui 羽咋
74%
Nonoichi 野々市
68%
Anamizu 穴水
67%
Nakanoto 中能登
67%
Tsubata 津幡
64%
Nomi 能美
63%
Kahoku かほく
59%
Hodatsushimizu 宝達志水
58%
Uchinada 内灘
56%
Shika 志賀
53%
Kawakita 川北
47%
No matching quizzes found
Score Distribution
Percent of People with Each Score
Percentile by Number Answered
Your Score History
You have not taken this quiz